000
00257nam a2200109Ia 4500
008
231212s1988 xx 000 0 und d
041
_a
eng
082
_a
623.38154
100
_a
Dean
245
_a
Dean`s Big Book Of Answer
260
_a
Bombay
_b
Mc Graw
_c
1988
999
_c
960327
_d
960327